مكتبة جامعة عجلون الوطنية

فهرس بحث المكتبة

Introduction to Data Science : (Record no. 33819)

MARC details
000 -LEADER
fixed length control field 04302cam a22005895i 4500
001 - CONTROL NUMBER
control field 21676318
003 - CONTROL NUMBER IDENTIFIER
control field JO-AjAnu
005 - DATE AND TIME OF LATEST TRANSACTION
control field 20241022104822.0
006 - FIXED-LENGTH DATA ELEMENTS--ADDITIONAL MATERIAL CHARACTERISTICS
fixed length control field m |o d |
007 - PHYSICAL DESCRIPTION FIXED FIELD--GENERAL INFORMATION
fixed length control field cr |||||||||||
008 - FIXED-LENGTH DATA ELEMENTS--GENERAL INFORMATION
fixed length control field 170222s2017 gw |||| o |||| 0|eng
010 ## - LIBRARY OF CONGRESS CONTROL NUMBER
LC control number 2019744237
020 ## - INTERNATIONAL STANDARD BOOK NUMBER
International Standard Book Number 9783319500171
024 7# - OTHER STANDARD IDENTIFIER
Standard number or code 10.1007/978-3-319-50017-1
Source of number or code doi
035 ## - SYSTEM CONTROL NUMBER
System control number (DE-He213)978-3-319-50017-1
040 ## - CATALOGING SOURCE
Original cataloging agency DLC
Language of cataloging eng
Description conventions pn
-- rda
Transcribing agency DLC
072 #7 - SUBJECT CATEGORY CODE
Subject category code COM021030
Source bisacsh
072 #7 - SUBJECT CATEGORY CODE
Subject category code UNF
Source bicssc
072 #7 - SUBJECT CATEGORY CODE
Subject category code UNF
Source thema
072 #7 - SUBJECT CATEGORY CODE
Subject category code UYQE
Source thema
082 04 - DEWEY DECIMAL CLASSIFICATION NUMBER
Classification number 006.312
Edition number 23
100 1# - MAIN ENTRY--PERSONAL NAME
Personal name Igual, Laura.
Relator term author.
245 10 - TITLE STATEMENT
Title Introduction to Data Science :
Remainder of title A Python Approach to Concepts, Techniques and Applications /
Statement of responsibility, etc. by Laura Igual, Santi Seguí.
250 ## - EDITION STATEMENT
Edition statement 1st ed. 2017.
264 #1 - PRODUCTION, PUBLICATION, DISTRIBUTION, MANUFACTURE, AND COPYRIGHT NOTICE
Place of production, publication, distribution, manufacture Cham :
Name of producer, publisher, distributor, manufacturer Springer International Publishing :
-- Imprint: Springer,
Date of production, publication, distribution, manufacture, or copyright notice 2024
300 ## - PHYSICAL DESCRIPTION
Extent 1 online resource (XIV, 218 pages 73 illustrations, 67 illustrations in color.)
336 ## - CONTENT TYPE
Content type term text
Content type code txt
Source rdacontent
337 ## - MEDIA TYPE
Media type term computer
Media type code c
Source rdamedia
338 ## - CARRIER TYPE
Carrier type term online resource
Carrier type code cr
Source rdacarrier
347 ## - DIGITAL FILE CHARACTERISTICS
File type text file
Encoding format PDF
Source rda
490 1# - SERIES STATEMENT
Series statement Undergraduate Topics in Computer Science,
International Standard Serial Number 1863-7310
505 0# - FORMATTED CONTENTS NOTE
Formatted contents note Introduction to Data Science -- Toolboxes for Data Scientists -- Descriptive statistics -- Statistical Inference -- Supervised Learning -- Regression Analysis -- Unsupervised Learning -- Network Analysis -- Recommender Systems -- Statistical Natural Language Processing for Sentiment Analysis -- Parallel Computing.
520 ## - SUMMARY, ETC.
Summary, etc. This accessible and classroom-tested textbook/reference presents an introduction to the fundamentals of the emerging and interdisciplinary field of data science. The coverage spans key concepts adopted from statistics and machine learning, useful techniques for graph analysis and parallel programming, and the practical application of data science for such tasks as building recommender systems or performing sentiment analysis. Topics and features: Provides numerous practical case studies using real-world data throughout the book Supports understanding through hands-on experience of solving data science problems using Python Describes techniques and tools for statistical analysis, machine learning, graph analysis, and parallel programming Reviews a range of applications of data science, including recommender systems and sentiment analysis of text data Provides supplementary code resources and data at an associated website This practically-focused textbook provides an ideal introduction to the field for upper-tier undergraduate and beginning graduate students from computer science, mathematics, statistics, and other technical disciplines. The work is also eminently suitable for professionals on continuous education short courses, and to researchers following self-study courses. Dr. Laura Igual is an Associate Professor at the Departament de Matemàtiques i Informàtica, Universitat de Barcelona, Spain. Dr. Santi Seguí is an Assistant Professor at the same institution.
588 ## - SOURCE OF DESCRIPTION NOTE
Source of description note Description based on publisher-supplied MARC data.
650 #0 - SUBJECT ADDED ENTRY--TOPICAL TERM
Topical term or geographic name entry element Artificial intelligence.
650 #0 - SUBJECT ADDED ENTRY--TOPICAL TERM
Topical term or geographic name entry element Data mining.
650 #0 - SUBJECT ADDED ENTRY--TOPICAL TERM
Topical term or geographic name entry element Mathematical statistics.
9 (RLIN) 5882
650 #0 - SUBJECT ADDED ENTRY--TOPICAL TERM
Topical term or geographic name entry element Pattern recognition.
650 #0 - SUBJECT ADDED ENTRY--TOPICAL TERM
Topical term or geographic name entry element Statistics.
650 14 - SUBJECT ADDED ENTRY--TOPICAL TERM
Topical term or geographic name entry element Data Mining and Knowledge Discovery.
Authority record control number or standard number https://scigraph.springernature.com/ontologies/product-market-codes/I18030
650 24 - SUBJECT ADDED ENTRY--TOPICAL TERM
Topical term or geographic name entry element Artificial Intelligence.
Authority record control number or standard number https://scigraph.springernature.com/ontologies/product-market-codes/I21000
650 24 - SUBJECT ADDED ENTRY--TOPICAL TERM
Topical term or geographic name entry element Pattern Recognition.
Authority record control number or standard number https://scigraph.springernature.com/ontologies/product-market-codes/I2203X
650 24 - SUBJECT ADDED ENTRY--TOPICAL TERM
Topical term or geographic name entry element Probability and Statistics in Computer Science.
Authority record control number or standard number https://scigraph.springernature.com/ontologies/product-market-codes/I17036
650 24 - SUBJECT ADDED ENTRY--TOPICAL TERM
Topical term or geographic name entry element Statistics and Computing/Statistics Programs.
Authority record control number or standard number https://scigraph.springernature.com/ontologies/product-market-codes/S12008
700 1# - ADDED ENTRY--PERSONAL NAME
Personal name Seguí, Santi.
Relator term author.
776 08 - ADDITIONAL PHYSICAL FORM ENTRY
Relationship information Print version:
Title Introduction to data science.
International Standard Book Number 9783319500164
Record control number (DLC) 2016962046
776 08 - ADDITIONAL PHYSICAL FORM ENTRY
Relationship information Printed edition:
International Standard Book Number 9783319500164
776 08 - ADDITIONAL PHYSICAL FORM ENTRY
Relationship information Printed edition:
International Standard Book Number 9783319500188
830 #0 - SERIES ADDED ENTRY--UNIFORM TITLE
Uniform title Undergraduate Topics in Computer Science,
International Standard Serial Number 1863-7310
906 ## - LOCAL DATA ELEMENT F, LDF (RLIN)
a 0
b ibc
c origres
d u
e ncip
f 20
g y-gencatlg
942 ## - ADDED ENTRY ELEMENTS (KOHA)
Source of classification or shelving scheme Library of Congress Classification
Koha item type Books
Suppress in OPAC No
Holdings
Withdrawn status Lost status Source of classification or shelving scheme Damaged status Not for loan Home library Current library Date acquired Total Checkouts Full call number Barcode Date last seen Price effective from Koha item type
    Library of Congress Classification     مكتبة جامعة عجلون الوطنية مكتبة جامعة عجلون الوطنية 22/10/2024   QA76 2024 E3995 22/10/2024 22/10/2024 Books
    Library of Congress Classification     مكتبة جامعة عجلون الوطنية مكتبة جامعة عجلون الوطنية 22/10/2024   QA76 2024 E3996 22/10/2024 22/10/2024 Books